000
00324nam a22001457a 4500
020
_a
978-1-265-05670-4
082
_a
658.8
100
_a
Grewal, Dhruw
245
_a
M: Marketing
250
_a
8th
260
_a
New York:
_b
McGraw-Hill,
_c
2023
300
_a
xvi, 507p.: ill.; 27cm
700
_a
Levy, Michael
942
_c
BK
999
_c
22206
_d
22206